000 00637cam a22002411 4500
001 sa 65002540
003 DLC
005 20260227112117.0
008 890523q io 000 0 ind
010 _asa 65002540
035 _a(OCoLC)23562566
040 _aDLC
_cMiU
_dDLC
042 _apremarc
043 _aa-io---
050 0 0 _aHD3543.A4
_bA48 1964
110 1 _aIndonesia.
_bDepartemen Penerangan
245 1 0 _aKoperasi kita adalah koperasi gotong-rojong.
260 _a[Djakarta,
_ccover 1964]
300 _a27 p.
_c20 cm.
650 0 _aCooperation
_zIndonesia.
700 0 _aSoekarno,
_d1901-1970.
710 2 _aAchmadi.
999 _c62685
_d62685